| 000 | 00474nam a22001937a 4500 | ||
|---|---|---|---|
| 999 |
_c8070 _d8070 |
||
| 003 | OSt | ||
| 005 | 20230131152506.0 | ||
| 008 | 230131b ||||| |||| 00| 0 eng d | ||
| 020 | _a0340764252 | ||
| 040 | _cDDC | ||
| 082 | _aW180664g 2003 | ||
| 100 |
_aCoiera,Enrico; _916431 |
||
| 245 | _aGuide to Health Informatics. | ||
| 250 | _a2nd ed | ||
| 260 |
_aLondon, _bAnold, _c2003. |
||
| 300 |
_axxvii,440p; _bcol,ill; _c26cm |
||
| 650 |
_aMedicine _9324 |
||
| 942 |
_2z _cO_SHELF |
||